000 00534nam a2200181Ia 4500
005 20250326143654.0
008 250326s9999 xx 000 0 und d
037 _aTextbook
040 _aFMSL
_beng
_cFMSL
041 _aeng
_2eng
084 _aX.44obB28 P4
_qFMSL
100 _aReserver Bank
_9748357
245 0 _aHandbook of statistics on the Indian economy
_cReserver Bank
260 _aIndia
_bIndia, Reserve Bank of India
_c2004
300 _a566p
942 _cTB
_hX.44obB28 P4
999 _c1300522
_d1300522